Normal view MARC view
  • Electrical communications experiments

Entry Topical Term

Number of records used in: 2

001 - CONTROL NUMBER

  • control field: 101587

003 - CONTROL NUMBER IDENTIFIER

  • control field: NUST

005 - DATE AND TIME OF LATEST TRANSACTION

  • control field: 20221027183401.0

008 - FIXED-LENGTH DATA ELEMENTS

  • fixed length control field: 221027|| aca||aabn | a|a d

040 ## - CATALOGING SOURCE

  • Original cataloging agency: NUST
  • Transcribing agency: NUST

150 ## - HEADING--TOPICAL TERM

  • Topical term or geographic name entry element: Electrical communications experiments

670 ## - SOURCE DATA FOUND

  • Source citation: Work cat.: (NUST)180312: Reed, Henry R. 101586, Electrical communications experiments, 1952
© 2023 Central Library, National University of Sciences and Technology. All Rights Reserved.